000 00293nam a22001097a 4500
082 _a530
_bARO/N
100 _aS.L.ARORA
245 _aNEW SIMPLIFIED PHYSICS
_bA REFERENCE BOOK FOR CLASS XI VOLUME II
260 _aDELHI
_bDHANPAT RAI & CO
_c2014
650 _aPHYSICS FOR CLASSXI
_zINDIA
942 _cBK
999 _c515
_d515